<?xml version="1.0" encoding="UTF-8"?>
<record
    xmlns:xsi="http://www.w3.org/2001/XMLSchema-instance"
    xsi:schemaLocation="http://www.loc.gov/MARC21/slim http://www.loc.gov/standards/marcxml/schema/MARC21slim.xsd"
    xmlns="http://www.loc.gov/MARC21/slim">

  <leader>01100nam a2200289 a 4500</leader>
  <controlfield tag="001">585</controlfield>
  <controlfield tag="003">BR-CuiBMT</controlfield>
  <controlfield tag="005">20231129143924.0</controlfield>
  <controlfield tag="008">231109s2014    dfb           000 0 por d</controlfield>
  <datafield tag="040" ind1=" " ind2=" ">
    <subfield code="a">BR-CuiBMT</subfield>
    <subfield code="c">BR-CuiBMT</subfield>
  </datafield>
  <datafield tag="080" ind1=" " ind2=" ">
    <subfield code="2">2007</subfield>
    <subfield code="a">340.12</subfield>
    <subfield code="x">-051</subfield>
    <subfield code="x">(100)</subfield>
  </datafield>
  <datafield tag="090" ind1=" " ind2=" ">
    <subfield code="a">340.12-051(100)</subfield>
    <subfield code="b">J95</subfield>
  </datafield>
  <datafield tag="245" ind1="0" ind2="0">
    <subfield code="a">Juristas do mundo /</subfield>
    <subfield code="c">coordena&#xE7;&#xE3;o L&#xE9;o da Silva Alves ; XI Encontro Internacional de Juristas.</subfield>
  </datafield>
  <datafield tag="260" ind1=" " ind2=" ">
    <subfield code="a">Bras&#xED;lia :</subfield>
    <subfield code="b">Rede,</subfield>
    <subfield code="c">2014.</subfield>
  </datafield>
  <datafield tag="300" ind1=" " ind2=" ">
    <subfield code="a">344 p. ;</subfield>
    <subfield code="c">21 cm</subfield>
  </datafield>
  <datafield tag="490" ind1="1" ind2=" ">
    <subfield code="a">S&#xE9;rie excel&#xEA;ncia jur&#xED;dica ;</subfield>
    <subfield code="v">v. 2</subfield>
  </datafield>
  <datafield tag="500" ind1=" " ind2=" ">
    <subfield code="a">"Argentina, Brasil, Col&#xF4;mbia, It&#xE1;lia, Portugal."</subfield>
  </datafield>
  <datafield tag="500" ind1=" " ind2=" ">
    <subfield code="a">"Publica&#xE7;&#xE3;o oficial do XI Encontro Internacional de Juristas, It&#xE1;lia - 2014."</subfield>
  </datafield>
  <datafield tag="504" ind1=" " ind2=" ">
    <subfield code="a">Inclui bibliografia.</subfield>
  </datafield>
  <datafield tag="590" ind1=" " ind2=" ">
    <subfield code="a">A Biblioteca possui a 2. reimpr. 2014.</subfield>
  </datafield>
  <datafield tag="650" ind1=" " ind2=" ">
    <subfield code="a">Juristas</subfield>
    <subfield code="v">Discursos, ensaios, confer&#xEA;ncias</subfield>
  </datafield>
  <datafield tag="650" ind1=" " ind2=" ">
    <subfield code="a">Poder judici&#xE1;rio </subfield>
    <subfield code="x">Congressos internacionais</subfield>
  </datafield>
  <datafield tag="700" ind1="1" ind2=" ">
    <subfield code="a">Alves, L&#xE9;o da Silva</subfield>
    <subfield code="4">coord.</subfield>
  </datafield>
  <datafield tag="711" ind1="1" ind2=" ">
    <subfield code="a">Encontro Internacional de Juristas </subfield>
    <subfield code="n">(11. :</subfield>
    <subfield code="d">2014 :</subfield>
    <subfield code="c">Roma, It&#xE1;lia)</subfield>
  </datafield>
  <datafield tag="830" ind1=" " ind2="0">
    <subfield code="a">Excel&#xEA;ncia jur&#xED;dica ;</subfield>
    <subfield code="v">2</subfield>
  </datafield>
  <datafield tag="942" ind1=" " ind2=" ">
    <subfield code="2">udc</subfield>
    <subfield code="c">LV</subfield>
  </datafield>
  <datafield tag="952" ind1=" " ind2=" ">
    <subfield code="0">0</subfield>
    <subfield code="1">0</subfield>
    <subfield code="2">udc</subfield>
    <subfield code="4">0</subfield>
    <subfield code="7">0</subfield>
    <subfield code="a">BIBTCEMT</subfield>
    <subfield code="b">BIBTCEMT</subfield>
    <subfield code="d">2023-11-09</subfield>
    <subfield code="l">0</subfield>
    <subfield code="o">340.12-051(100) J95</subfield>
    <subfield code="p">BIBTCEMT23110392</subfield>
    <subfield code="r">2023-11-09</subfield>
    <subfield code="t">Ex. 1</subfield>
    <subfield code="w">2023-11-09</subfield>
    <subfield code="y">LV</subfield>
    <subfield code="z">2. reimpr. 2014</subfield>
  </datafield>
  <datafield tag="952" ind1=" " ind2=" ">
    <subfield code="0">0</subfield>
    <subfield code="1">0</subfield>
    <subfield code="2">udc</subfield>
    <subfield code="4">0</subfield>
    <subfield code="7">0</subfield>
    <subfield code="a">BIBTCEMT</subfield>
    <subfield code="b">BIBTCEMT</subfield>
    <subfield code="d">2023-11-09</subfield>
    <subfield code="l">0</subfield>
    <subfield code="o">340.12-051(100) J95</subfield>
    <subfield code="p">BIBTCEMT23110395</subfield>
    <subfield code="r">2023-11-09</subfield>
    <subfield code="t">Ex. 2</subfield>
    <subfield code="w">2023-11-09</subfield>
    <subfield code="y">LV</subfield>
    <subfield code="z">2. reimpr. 2014</subfield>
  </datafield>
  <datafield tag="952" ind1=" " ind2=" ">
    <subfield code="0">0</subfield>
    <subfield code="1">0</subfield>
    <subfield code="2">udc</subfield>
    <subfield code="4">0</subfield>
    <subfield code="7">0</subfield>
    <subfield code="a">BIBTCEMT</subfield>
    <subfield code="b">BIBTCEMT</subfield>
    <subfield code="d">2023-11-09</subfield>
    <subfield code="l">0</subfield>
    <subfield code="o">340.12-051(100) J95</subfield>
    <subfield code="p">BIBTCEMT23120607</subfield>
    <subfield code="r">2023-12-15</subfield>
    <subfield code="t">Ex. 3</subfield>
    <subfield code="w">2023-11-09</subfield>
    <subfield code="y">LV</subfield>
    <subfield code="z">2. reimpr. 2014</subfield>
  </datafield>
  <datafield tag="952" ind1=" " ind2=" ">
    <subfield code="0">0</subfield>
    <subfield code="1">0</subfield>
    <subfield code="2">udc</subfield>
    <subfield code="4">0</subfield>
    <subfield code="7">0</subfield>
    <subfield code="a">BIBTCEMT</subfield>
    <subfield code="b">BIBTCEMT</subfield>
    <subfield code="d">2023-11-09</subfield>
    <subfield code="l">0</subfield>
    <subfield code="o">340.12-051(100) J95</subfield>
    <subfield code="p">BIBTCEMT23120608</subfield>
    <subfield code="r">2023-12-15</subfield>
    <subfield code="t">Ex. 4</subfield>
    <subfield code="w">2023-11-09</subfield>
    <subfield code="y">LV</subfield>
    <subfield code="z">2. reimpr. 2014</subfield>
  </datafield>
  <datafield tag="999" ind1=" " ind2=" ">
    <subfield code="c">585</subfield>
    <subfield code="d">585</subfield>
  </datafield>
</record>
